000 00311nam a22001337a 4500
020 _a1-85534-997-3
082 _a822
_bSHA/C
100 _aSHAKESPEARE,WILLIAM
245 _aTHE COMPLETE WORKS OF WILLIAM SHAKESPEARE
260 _aSCOTLAND
_bGEDDES & GROSSET
300 _a751
650 _zSCOTLAND
942 _cBK
999 _c3606
_d3606